000 00235nam a2200097Ia 4500
001 1200185
005 20250827022608.0
008 250824s9999 xx 000 0 und d
245 0 _aKAYIP PLAN
_cCLIVE CUSSLER
260 _bALTIN KİTAPLAR
999 _c1200185
_d1200185